| 000 | 01588cam a2200361 a 4500 | ||
|---|---|---|---|
| 001 | 3068930 | ||
| 005 | 20040621185455.0 | ||
| 008 | 970221s1997 nyu d 001 0 eng | ||
| 010 | _a 97001237 | ||
| 020 | _a0471181153 (pbk. : alk. paper) | ||
| 020 | _a9780471181156 (pbk. : alk. paper) | ||
| 040 |
_aDLC _cDLC _dDLC |
||
| 050 | 0 | 0 |
_aTA9 _b.W44 1997 |
| 082 | 0 | 0 |
_a624.03 _222 _bWIL |
| 100 | 1 |
_aWebster, L. F. _q(Len F.), _d1929- _927599 |
|
| 245 | 1 | 4 |
_aThe Wiley Dictionary of Civil Engineering and Construction / _cCompiled and Edited by L.F. Webster. |
| 246 | 3 | 0 | _aDictionary of civil engineering and construction |
| 260 |
_aNew York : _bWiley, 1997 _cc1997. |
||
| 300 |
_axi, 666 p. ; _c25 cm. |
||
| 500 | _a"A Wiley-Interscience publication." | ||
| 500 | _aIncludes index. | ||
| 650 | 0 |
_aCivil engineering _xDictionaries. _927600 |
|
| 650 | 0 |
_aConstruction equipment _xDictionaries. _927601 |
|
| 650 | 0 |
_aForests and forestry _xDictionaries. _927602 |
|
| 650 | 0 |
_aStrip mining _xDictionaries. _927603 |
|
| 650 | 0 |
_aSurveying _xDictionaries. _927604 |
|
| 653 |
_bCiv _cOctober2011 |
||
| 856 | 4 | 2 |
_3Contributor biographical information _uhttp://www.loc.gov/catdir/bios/wiley042/97001237.html |
| 856 | 4 | 2 |
_3Publisher description _uhttp://www.loc.gov/catdir/description/wiley033/97001237.html |
| 942 |
_2ddc _cBB |
||
| 999 |
_c16159 _d16159 |
||